00643 2200229 4500001002100000005001700021008004100038020001800079035002400097040001200121082000800133090001500141100001400156245007000170260004200240300001900282500004400301650002100345700002100366850001200387990001400399YOGYA-1012000000027120121022095646.0 ind  a979-605-151-6 0010-101200000000271 aYOPDYOG a813 a813bRic W aRice Anne aWawancara dengan vampircAnne Rice ; elih bahasa Andang H. Sutopo aJakartabGramedia Pustaka Utamac1995 a592 hlmc18 cm aJudul asli : Interview with the vampire aFiski terjemahan aAndang H. Sutopo aYOPDYOG a7792-PK/B